| 000 | 01215nam a22003497a 4500 | ||
|---|---|---|---|
| 005 | 20220329141230.0 | ||
| 008 | 971010s1968 r 00010 d | ||
| 010 | _a64817 | ||
| 011 | _a65789 | ||
| 035 | _a73167 | ||
| 082 |
_a631.4915 _bM32 |
||
| 100 | 0 | 0 |
_aMcGinnies, William Grovener. _973533 |
| 245 |
_aDeserts of the world _b: an appraisal of research into their physical and biological environments |
||
| 260 |
_a[Tucson] : _bUniversity of Arizona, _c1968 |
||
| 300 | _a788 p | ||
| 500 | _a1992/152 | ||
| 590 |
_aBATCH-UPD _b10 _c20130110 _lUCH01 _h0124 |
||
| 590 |
_aBATCH-UPD _b10 _c20130110 _lUCH01 _h1712 |
||
| 590 |
_aBATCH-UPD _b10 _c20130409 _lUCH01 _h2119 |
||
| 590 |
_aBATCH-UPD _b10 _c20130410 _lUCH01 _h1057 |
||
| 590 |
_aBATCH-UPD _b10 _c20130914 _lUCH01 _h1153 |
||
| 590 |
_aCONVERSION _b10 _c20130109 _lUCH01 _h1335 |
||
| 650 | 1 | 4 |
_aDesiertos. _932143 |
| 650 | 1 | 4 |
_aDesiertos _xBibliografía. _932145 |
| 650 | 1 | 4 |
_aRegiones áridas. _995669 |
| 650 | 1 | 4 |
_aSuelos _xClasificación. _9110239 |
| 650 | 1 | 4 |
_aSuelos _xRegiones áridas. _9110475 |
| 700 | 0 |
_aGoldman, Bram J. _948556 |
|
| 700 | 0 |
_aPaylore, Patricia. _986321 |
|
| 901 | _aBK | ||
| 949 |
_a631.4915 M32 _bDCF _cLIBRO _d-5937 _eLIBRO _h3978 _i73167 _si |
||
| 999 |
_c64817 _d64817 |
||